The Truth about Depression (Record no. 335122)
[ view plain ]
| 000 -LEADER | |
|---|---|
| fixed length control field | 00467nam a2200097Ia 4500 |
| 008 - FIXED-LENGTH DATA ELEMENTS--GENERAL INFORMATION | |
| fixed length control field | 170517s9999 xx 000 0 und d |
| 245 #4 - TITLE STATEMENT | |
| Title | The Truth about Depression |
| 300 ## - PHYSICAL DESCRIPTION | |
| Extent | Only someone who has had it knows how paralyzing depression can be. No one is immune. There's a one in four chance that depression will affect you at some stage in your life. It's bad enough to get it,... |
| 650 ## - SUBJECT ADDED ENTRY--TOPICAL TERM | |
| General subdivision | Technology. |
| 856 ## - ELECTRONIC LOCATION AND ACCESS | |
| Uniform Resource Identifier | <a href="http://topdocumentaryfilms.com/truth-depression/">http://topdocumentaryfilms.com/truth-depression/</a> |
| Withdrawn status | Lost status | Damaged status | Home library | Current library | Date acquired | Total Checkouts | Date last seen | Price effective from | Koha item type |
|---|---|---|---|---|---|---|---|---|---|
| College Library | College Library | 05/17/2017 | 05/17/2017 | 05/17/2017 | Documentary Films |